01347nam a2200241 4500040000900000082001600009111002600025245019700051246001800248246002100266246002100287246001800308246001700326246001900343260006600362300001500428500001300443500001300456520054400469546001301013600004201026700003701068 cNSHS a297.63bMAQ aMaqālāt-e-sīrat aMaqālāt-e-Sīrat / ctartīb wa-muqaddamah Muḥammad Miān Ṣiddīqī, Shu‘bah da‘wat-o-irshād, Idārah Taḥqīqāt-i Islāmī, Islāmābād, Jāmiʿah Islāmiyyah. aSirat-un-Nabi aMaqalat-e-Seerat aMaqalat-i Seerat aSeerat-i Nabi aSeeratunnabi aSeerat-un-nabi aIslāmābād:bIdārah Taḥqīqāt-i Islāmī,c1989 a222 pages. aDC010725 aReligion aMaqālāt-e-Sīrat is a collection of scholarly articles and essays that explore various aspects of the life and character of the Prophet Muhammad (peace be upon him). The book highlights his teachings, moral conduct, leadership, and role as a reformer of society. Each article sheds light on how his example provides guidance for both individual and communal life. It is written to deepen the reader's understanding of the Prophet’s Seerah (biography) and inspire love, respect, and practical application of his sunnah in daily life. aIn Urdu. aMuhammad (Peace be Upon Him), Prophet1 aṢiddīqī, Muḥammad Miān